000 00854nam a2200253Ia 4500
003 OSt
005 20220923212847.0
006 a|||||r|||| 00| 0
007 ta
008 220922b |||||||| |||| 00| 0 hin d
024 _a156,342
037 _cTextual
040 _aARTS
_cARTS
_bhin
041 _2hin
_ahin
082 _aO152:g, M6
100 _aरधुवंश, संपा.
245 0 _aहिन्दी साहित्य की समस्याएॅं
246 _aHindī sāhitya kī samasyāeॅan
260 _aइलाहाबाद
_b हिन्दी साहित्य सम्मेलन
_c1986
300 _a392 पृ.
_ccm.
650 _aहिन्दी साहित्य
_9156264
942 _hO152:g, M6
_cTEXL
_2CC
999 _c311660
_d311660